| 000 | 00817nmm a2200289 a 4500 | ||
|---|---|---|---|
| 003 | AR-BaBNM | ||
| 005 | 20251128203430.0 | ||
| 008 | 093020s2000 ||||||||||||||000 | spa|| | ||
| 020 | _a950-23-1114-X | ||
| 040 | _cAR-BaBNM | ||
| 245 | 1 | 0 |
_aLas fuentes institucionales del desarrollo argentino _bhacia una agenda institucional |
| 260 |
_aBuenos Aires _bEudeba _c2000 |
||
| 300 |
_a220 p. _btablas, gráfs. |
||
| 650 | 4 | _aECONOMIA | |
| 650 | 4 | _aPOLITICAS PUBLICAS | |
| 650 | 4 | _aFEDERALISMO ARGENTINO | |
| 650 | 4 | _aPODER JUDICIAL | |
| 650 | 4 | _aREFORMA POLITICA | |
| 650 | 4 | _aOPINION PUBLICA | |
| 650 | 4 | _aCRECIMIENTO ECONOMICO | |
| 650 | 4 | _aPODER LEGISLATIVO | |
| 651 | 4 | _aArgentina | |
| 700 | 1 |
_aTommasi, Mariano _edirector |
|
| 700 | 1 |
_aSpiller, Pablo T. _edirector |
|
| 942 | _cBK | ||
| 998 | _cMariana | ||
| 999 |
_c3363 _d3363 |
||